[Event "GBR-ch 111th"]
[Site "Liverpool"]
[Date "2025.08.10"]
[Round "9.12"]
[White "Fava, Lorenzo"]
[Black "Makkar, Rajat"]
[Result "0-1"]
[WhiteElo "2318"]
[BlackElo "2406"]
[PlyCount "106"]
[EventDate "2025.08.02"]
[EventType "swiss"]
[EventRounds "9"]
[EventCountry "GBR"]
[SourceTitle "BritBase"]
[Source "John Saunders"]
[SourceDate "2025.08.11"]
[SourceVersion "1"]
[SourceVersionDate "2025.08.11"]
[SourceQuality "1"]

1. e4 e5 2. Nf3 Nc6 3. Bb5 a6 4. Ba4 Nf6 5. O-O Be7 6. Re1 b5 7. Bb3 d6 8. c3 O-O 9. h3 Be6 10. d4 Bxb3 11. Qxb3 h6 12. Be3 Qd7 13. Nbd2 Rfe8 14. a3 exd4 15. cxd4 d5 16. e5 Ne4 17. Qc2 Nxd2 18. Bxd2 a5 19. Bxh6 gxh6 20. e6 Qd6 21. exf7+ Kxf7 22. Qxc6 Qxc6 23. Ne5+ Kf6 24. Nxc6 Bd6 25. Kf1 a4 26. Rxe8 Rxe8 27. Re1 Re4 28. f3 Rxe1+ 29. Kxe1 h5 30. Nb4 Bg3+ 31. Ke2 Ke6 32. Nd3 h4 33. f4 Kf5 34. Kf3 c6 35. Nc1 Bxf4 36. Ne2 Bh6 37. g3 hxg3 38. Nxg3+ Kg5 39. h4+ Kg6 40. Ne2 Kh5 41. Ng3+ Kg6 42. Ne2 Kf5 43. Ng3+ Ke6 44. Ne2 Kd6 45. Kf2 Bd2 46. h5 Ke6 47. Kf3 Kf5 48. Ng3+ Kf6 49. Ne2 Kg5 50. Ng1 Bc1 51. Nh3+ Kh6 52. Nf4 Bxb2 53. Ne6 b4 0-1

[Event "GBR-ch 111th"]
[Site "Liverpool"]
[Date "2025.08.10"]
[Round "9.13"]
[White "Kanyamarala, Tarun"]
[Black "Yao, Lan"]
[Result "1/2-1/2"]
[WhiteElo "2397"]
[BlackElo "2316"]
[PlyCount "81"]
[EventDate "2025.08.02"]
[EventType "swiss"]
[EventRounds "9"]
[EventCountry "GBR"]
[SourceTitle "BritBase"]
[Source "John Saunders"]
[SourceDate "2025.08.11"]
[SourceVersion "1"]
[SourceVersionDate "2025.08.11"]
[SourceQuality "1"]

1. d4 Nf6 2. Bf4 d5 3. e3 c5 4. Nc3 e6 5. Nb5 Na6 6. c3 Be7 7. dxc5 Bxc5 8. Nf3 O-O 9. Bd3 Bd7 10. O-O Be7 11. b4 Ne4 12. a4 f5 13. Be5 Bf6 14. Bd4 Nc7 15. Qb3 Nxb5 16. axb5 Bxd4 17. exd4 Nd6 18. Rfe1 Qc8 19. Rac1 Bxb5 20. Bxb5 Nxb5 21. c4 dxc4 22. Rxc4 Qd7 23. Rc5 Nxd4 24. Nxd4 Qxd4 25. Rxe6 Kh8 26. Rd5 Qf4 27. g3 Qc1+ 28. Kg2 f4 29. Rd3 Rac8 30. Qd5 Qc4 31. Qxc4 Rxc4 32. b5 fxg3 33. hxg3 Rc7 34. b6 axb6 35. Rxb6 h6 36. Rdb3 Rff7 37. f4 Kh7 38. Kh3 Rcd7 39. Kg4 Rc7 40. Kh4 Rcd7 41. R3b5 1/2-1/2

[Event "GBR-ch 111th"]
[Site "Liverpool"]
[Date "2025.08.10"]
[Round "9.14"]
[White "Flear, Glenn C"]
[Black "Adams, Henry"]
[Result "1-0"]
[WhiteElo "2358"]
[BlackElo "2114"]
[PlyCount "95"]
[EventDate "2025.08.02"]
[EventType "swiss"]
[EventRounds "9"]
[EventCountry "GBR"]
[SourceTitle "BritBase"]
[Source "John Saunders"]
[SourceDate "2025.08.11"]
[SourceVersion "1"]
[SourceVersionDate "2025.08.11"]
[SourceQuality "1"]

1. d4 Nf6 2. c4 e6 3. Nf3 d5 4. Nc3 Bb4 5. Qa4+ Nc6 6. e3 O-O 7. Bd2 dxc4 8. Bxc4 Bd6 9. h3 e5 10. O-O exd4 11. exd4 h6 12. Qc2 Ne7 13. Rfe1 c6 14. Ne5 Ned5 15. Rad1 Be6 16. Ne2 Re8 17. Ng3 a5 18. a3 a4 19. Qd3 Qb6 20. Bc1 Rad8 21. Qf3 Qc7 22. Nf5 Bf8 23. Bd3 Bxf5 24. Qxf5 g6 25. Qf3 Bg7 26. Bc2 b5 27. Bd3 Re6 28. Bf1 Rde8 29. g4 Nh7 30. Bxb5 Bxe5 31. Rxe5 Rxe5 32. dxe5 Rxe5 33. Bxh6 g5 34. h4 gxh4 35. Bxa4 Qd6 36. Be3 Qg6 37. Bd4 Re4 38. Kh1 Rf4 39. Qe2 Rxg4 40. Qxg4 Qxg4 41. Rg1 Qxg1+ 42. Kxg1 Nf4 43. Be3 Nd3 44. b3 Ne5 45. f4 Ng4 46. Bb6 Nf8 47. Bxc6 Ne6 48. Bd7 1-0

[Event "GBR-ch 111th"]
[Site "Liverpool"]
[Date "2025.08.10"]
[Round "9.15"]
[White "Williams, Simon K"]
[Black "Boswell, Jacob Connor"]
[Result "1/2-1/2"]
[WhiteElo "2444"]
[BlackElo "2278"]
[PlyCount "27"]
[EventDate "2025.08.02"]
[EventType "swiss"]
[EventRounds "9"]
[EventCountry "GBR"]
[SourceTitle "BritBase"]
[Source "John Saunders"]
[SourceDate "2025.08.11"]
[SourceVersion "1"]
[SourceVersionDate "2025.08.11"]
[SourceQuality "1"]

1. e4 c5 2. Nf3 d6 3. g3 Nf6 4. d3 g6 5. Bg2 Nc6 6. O-O Bg7 7. Bd2 O-O 8. Nc3 e5 9. Nh4 h6 10. Rb1 Be6 11. Nd5 Kh7 12. a3 Ne7 13. c4 Nfxd5 14. cxd5 1/2-1/2

[Event "GBR-ch 111th"]
[Site "Liverpool"]
[Date "2025.08.10"]
[Round "9.16"]
[White "Waldhausen Gordon, Frederick"]
[Black "Rudd, Jack"]
[Result "1/2-1/2"]
[WhiteElo "2393"]
[BlackElo "2259"]
[PlyCount "52"]
[EventDate "2025.08.02"]
[EventType "swiss"]
[EventRounds "9"]
[EventCountry "GBR"]
[SourceTitle "BritBase"]
[Source "John Saunders"]
[SourceDate "2025.08.11"]
[SourceVersion "1"]
[SourceVersionDate "2025.08.11"]
[SourceQuality "1"]

1. e4 c6 2. d4 d5 3. exd5 cxd5 4. Bd3 Nc6 5. c3 Nf6 6. h3 g6 7. Nf3 Qc7 8. O-O Bf5 9. Re1 Bxd3 10. Qxd3 e6 11. b3 Bg7 12. Ba3 Ne7 13. Nbd2 O-O 14. Ne5 Rfc8 15. Rac1 Nf5 16. Rc2 b5 17. Bc5 Rab8 18. b4 Nd6 19. Bxd6 Qxd6 20. Qf3 Rc7 21. Nd3 Nd7 22. Nc5 a5 23. a3 Ra7 24. Nxd7 Qxd7 25. Nb3 axb4 26. axb4 Rba8 1/2-1/2

[Event "GBR-ch 111th"]
[Site "Liverpool"]
[Date "2025.08.10"]
[Round "9.17"]
[White "Vijayakumar, Rishi"]
[Black "Dickenson, Neil F"]
[Result "1/2-1/2"]
[WhiteElo "2310"]
[BlackElo "2247"]
[PlyCount "29"]
[EventDate "2025.08.02"]
[EventType "swiss"]
[EventRounds "9"]
[EventCountry "GBR"]
[SourceTitle "BritBase"]
[Source "John Saunders"]
[SourceDate "2025.08.11"]
[SourceVersion "1"]
[SourceVersionDate "2025.08.11"]
[SourceQuality "1"]

1. d4 d5 2. c4 e6 3. Nc3 c5 4. Nf3 cxd4 5. Nxd4 e5 6. Ndb5 d4 7. Nd5 Na6 8. e3 Nf6 9. Nxf6+ Qxf6 10. exd4 Bb4+ 11. Bd2 O-O 12. d5 Bc5 13. Qf3 Qg6 14. Qg3 Qb6 15. Be2 1/2-1/2

[Event "GBR-ch 111th"]
[Site "Liverpool"]
[Date "2025.08.10"]
[Round "9.18"]
[White "Badacsonyi, Stanley"]
[Black "Liu, Jack"]
[Result "1/2-1/2"]
[WhiteElo "2309"]
[BlackElo "2071"]
[PlyCount "76"]
[EventDate "2025.08.02"]
[EventType "swiss"]
[EventRounds "9"]
[EventCountry "GBR"]
[SourceTitle "BritBase"]
[Source "John Saunders"]
[SourceDate "2025.08.11"]
[SourceVersion "1"]
[SourceVersionDate "2025.08.11"]
[SourceQuality "1"]

1. d4 Nf6 2. c4 e6 3. Nf3 b6 4. g3 Ba6 5. b3 Bb4+ 6. Bd2 Be7 7. Bg2 d5 8. O-O O-O 9. Ne5 c5 10. cxd5 exd5 11. Bf4 Bb7 12. Nc3 Nbd7 13. Rc1 Re8 14. dxc5 Nxc5 15. Be3 Ne6 16. Nb5 Bc5 17. Bxc5 bxc5 18. Nd3 Ba6 19. Nc3 Rc8 20. Re1 Qd6 21. Nb2 Red8 22. e4 dxe4 23. Qxd6 Rxd6 24. Nxe4 Nxe4 25. Rxe4 Rd2 26. Ra4 Bb5 27. Nc4 Bxc4 28. bxc4 Rc7 29. Rb1 Rdd7 30. Bd5 g6 31. Ra6 Nd4 32. Rb8+ Kg7 33. Rb2 h6 34. h4 h5 35. Kg2 Re7 36. Rd6 Red7 37. Rxd7 Rxd7 38. Rb8 Rc7 1/2-1/2

[Event "GBR-ch 111th"]
[Site "Liverpool"]
[Date "2025.08.10"]
[Round "9.19"]
[White "Mirzoeva, Elmira"]
[Black "Kueh, Audrey"]
[Result "1-0"]
[WhiteElo "2282"]
[BlackElo "2071"]
[PlyCount "59"]
[EventDate "2025.08.02"]
[EventType "swiss"]
[EventRounds "9"]
[EventCountry "GBR"]
[SourceTitle "BritBase"]
[Source "John Saunders"]
[SourceDate "2025.08.11"]
[SourceVersion "1"]
[SourceVersionDate "2025.08.11"]
[SourceQuality "1"]

1. d4 Nf6 2. c4 e6 3. Nc3 d5 4. Bg5 dxc4 5. e3 a6 6. Bxc4 b5 7. Qf3 Ra7 8. Bd3 Bb7 9. Qh3 c5 10. Rd1 cxd4 11. exd4 Be7 12. Nf3 Nd5 13. Bd2 Nd7 14. O-O Qb8 15. Rfe1 h6 16. Bb1 Bd6 17. Ng5 Nf8 18. g3 Be7 19. Nce4 Rg8 20. Nf3 Nd7 21. Rc1 N5f6 22. Bf4 Qd8 23. Bc7 Qa8 24. Nd6+ Kf8 25. Nxf7 Bxf3 26. Qxe6 Qe8 27. Nd6 Bd5 28. Qe2 Bxd6 29. Bxd6+ Kf7 30. Qe7+ 1-0

[Event "GBR-ch 111th"]
[Site "Liverpool"]
[Date "2025.08.10"]
[Round "9.20"]
[White "Clarke, Brandon Gi"]
[Black "Chopra, Manmay"]
[Result "1-0"]
[WhiteElo "2491"]
[BlackElo "2188"]
[PlyCount "29"]
[EventDate "2025.08.02"]
[EventType "swiss"]
[EventRounds "9"]
[EventCountry "GBR"]
[SourceTitle "BritBase"]
[Source "John Saunders"]
[SourceDate "2025.08.11"]
[SourceVersion "1"]
[SourceVersionDate "2025.08.11"]
[SourceQuality "1"]

1. e4 e6 2. d4 d5 3. e5 c5 4. c3 Nc6 5. Nf3 Bd7 6. Bd3 cxd4 7. cxd4 Qb6 8. O-O Nxd4 9. Nbd2 Bc5 10. b4 Qxb4 11. Nxd4 Bxd4 12. Rb1 Qe7 13. Rxb7 Bxe5 14. Re1 Bd6 15. Qg4 1-0

[Event "GBR-ch 111th"]
[Site "Liverpool"]
[Date "2025.08.10"]
[Round "9.21"]
[White "Sivanandan, Bodhana"]
[Black "Wells, Peter K"]
[Result "1-0"]
[WhiteElo "2216"]
[BlackElo "2339"]
[PlyCount "80"]
[EventDate "2025.08.02"]
[EventType "swiss"]
[EventRounds "9"]
[EventCountry "GBR"]
[SourceTitle "BritBase"]
[Source "John Saunders"]
[SourceDate "2025.07.03"]
[SourceVersion "1"]
[SourceVersionDate "2025.07.03"]
[SourceQuality "1"]

1. e4 c5 2. Nf3 d6 3. Bb5+ Nd7 4. O-O Ngf6 5. Re1 a6 6. Bf1 b6 7. d4 cxd4 8. Nxd4 Bb7 9. f3 e6 10. c4 Be7 11. Nc3 Rc8 12. Be3 O-O 13. Rc1 Re8 14. Qd2 Qc7 15. Red1 Qb8 16. Na4 Bd8 17. Kh1 Bc7 18. g3 Ne5 19. Bg2 d5 20. cxd5 exd5 21. exd5 Nxd5 22. Bg1 Qa8 23. b3 h5 24. Nf5 Nxf3 25. Qf2 Nf6 26. Rxc7 Rxc7 27. Nxb6 Qb8 28. Bxf3 Rc2 29. Qf1 Ne4 30. Nd5 Nd2 31. Qd3 Nxf3 32. Qxc2 Qe5 33. Nfe3 Nd4 34. Qg2 Ba8 35. Bf2 Rd8 36. h3 Rxd5 37. Nc4 Nf3 38. Rf1 Qe6 39. Nb6 Nd2 40. Re1 Qc6 {time} 1-0

[Event "GBR-ch 111th"]
[Site "Liverpool"]
[Date "2025.08.10"]
[Round "9.22"]
[White "Hunt, Harriet V"]
[Black "Jones, Steven A"]
[Result "0-1"]
[WhiteElo "2294"]
[BlackElo "2185"]
[PlyCount "118"]
[EventDate "2025.08.02"]
[EventType "swiss"]
[EventRounds "9"]
[EventCountry "GBR"]
[SourceTitle "BritBase"]
[Source "John Saunders"]
[SourceDate "2025.08.11"]
[SourceVersion "1"]
[SourceVersionDate "2025.08.11"]
[SourceQuality "1"]

1. e4 c5 2. Nc3 Nc6 3. Nge2 Nf6 4. d4 cxd4 5. Nxd4 e5 6. Ndb5 d6 7. Bg5 a6 8. Na3 b5 9. Nd5 Qa5+ 10. Bd2 Qd8 11. Bd3 Nxd5 12. exd5 Ne7 13. c4 g6 14. O-O Bg7 15. Qb3 O-O 16. cxb5 f5 17. Rfe1 Rb8 18. Rac1 Kh8 19. Nc2 Bd7 20. a4 axb5 21. axb5 Qb6 22. Na3 Qd4 23. Rc7 Rfd8 24. Bg5 Bf8 25. Bf6+ Kg8 26. Rd1 Qg4 27. f3 Qf4 28. Bf1 Qh6 29. Rc6 Be8 30. Rc7 Kf7 31. Bxe5 dxe5 32. d6+ Kf6 33. dxe7 Bxe7 34. Re1 Qd2 35. Rxe5 Qd4+ 36. Re3 Bc5 37. Qe6+ Kg5 38. Nc2 Qd5 39. Rxc5 Qxc5 40. Qe7+ Qxe7 41. Rxe7 Bxb5 42. Rxh7 Bxf1 43. Kxf1 Rxb2 44. Ne1 Re8 45. Nd3 Rd2 46. h4+ Kf6 47. Nf4 Ra8 48. Kg1 Ra4 49. Nh3 Raa2 50. Nf4 g5 51. hxg5+ Kxg5 52. Ne6+ Kg6 53. Nf8+ Kf6 54. Nd7+ Kg5 55. Kh1 Ra7 56. Nf8 Rxh7+ 57. Nxh7+ Kh6 58. Nf6 Kg6 59. Ne8 Rd7 0-1

[Event "GBR-ch 111th"]
[Site "Liverpool"]
[Date "2025.08.10"]
[Round "9.23"]
[White "Davies, Nigel R"]
[Black "Kovalskyi, Roman"]
[Result "1/2-1/2"]
[WhiteElo "2291"]
[BlackElo "2180"]
[PlyCount "23"]
[EventDate "2025.08.02"]
[EventType "swiss"]
[EventRounds "9"]
[EventCountry "GBR"]
[SourceTitle "BritBase"]
[Source "John Saunders"]
[SourceDate "2025.08.11"]
[SourceVersion "1"]
[SourceVersionDate "2025.08.11"]
[SourceQuality "1"]

1. d4 d5 2. Nf3 c5 3. c4 cxd4 4. cxd5 Nf6 5. Qxd4 Qxd5 6. Nc3 Qa5 7. e4 e6 8. Bd2 Bc5 9. Bb5+ Qxb5 10. Nxb5 Bxd4 11. Nfxd4 Na6 12. f3 1/2-1/2

[Event "GBR-ch 111th"]
[Site "Liverpool"]
[Date "2025.08.10"]
[Round "9.24"]
[White "Shearsby, Jude"]
[Black "Fellowes, Billy"]
[Result "1/2-1/2"]
[WhiteElo "2270"]
[BlackElo "2122"]
[PlyCount "101"]
[EventDate "2025.08.02"]
[EventType "swiss"]
[EventRounds "9"]
[EventCountry "GBR"]
[SourceTitle "BritBase"]
[Source "John Saunders"]
[SourceDate "2025.08.11"]
[SourceVersion "1"]
[SourceVersionDate "2025.08.11"]
[SourceQuality "1"]

1. e4 c6 2. d4 d5 3. e5 Bf5 4. h4 h5 5. Bd3 Bxd3 6. Qxd3 Qa5+ 7. Nd2 e6 8. Ne2 c5 9. c4 dxc4 10. Qxc4 Nd7 11. O-O cxd4 12. Nb3 Qb4 13. Qxd4 Qxd4 14. Nexd4 a6 15. Re1 Ne7 16. Bg5 Nd5 17. Rad1 Be7 18. Nf5 Bb4 19. Re2 g6 20. Nd6+ Bxd6 21. Rxd5 Be7 22. Rd4 Bxg5 23. hxg5 Rc8 24. Na5 Rc7 25. Nc4 Ke7 26. Nd6 Nxe5 27. Rxe5 Rd8 28. Nb5 axb5 29. Rxd8 Kxd8 30. Rxb5 Rc1+ 31. Kh2 Kc7 32. Rb3 Rc5 33. Rf3 Rxg5 34. Rxf7+ Kc6 35. f4 Rg4 36. g3 g5 37. Rg7 h4 38. fxg5 Rxg3 39. Re7 Rxg5 40. Rxe6+ Kc7 41. Re4 Rd5 42. Kh3 Rd2 43. Rb4 Kc6 44. Kxh4 b5 45. Kg3 Kc5 46. Rb3 Kc4 47. Rc3+ Kb4 48. Rb3+ Kc4 49. Rc3+ Kb4 50. Rb3+ Kc4 51. Rc3+ 1/2-1/2

[Event "GBR-ch 111th"]
[Site "Liverpool"]
[Date "2025.08.10"]
[Round "9.25"]
[White "Webb, Laurence E"]
[Black "Dicen, Elis Denele"]
[Result "0-1"]
[WhiteElo "2268"]
[BlackElo "2069"]
[PlyCount "84"]
[EventDate "2025.08.02"]
[EventType "swiss"]
[EventRounds "9"]
[EventCountry "GBR"]
[SourceTitle "BritBase"]
[Source "John Saunders"]
[SourceDate "2025.08.11"]
[SourceVersion "1"]
[SourceVersionDate "2025.08.11"]
[SourceQuality "1"]

1. d4 Nf6 2. Nf3 g6 3. c4 Bg7 4. Nc3 O-O 5. Bg5 d6 6. e3 c6 7. Bd3 a6 8. O-O b5 9. a3 Nbd7 10. Qc2 Bb7 11. e4 Qc7 12. Rfe1 h6 13. Bh4 e5 14. dxe5 dxe5 15. b4 bxc4 16. Bxc4 a5 17. Na4 axb4 18. axb4 Rac8 19. Nc5 Nxc5 20. bxc5 Ra8 21. Rab1 Ba6 22. Nd2 Nh5 23. Rb6 Bxc4 24. Nxc4 Nf4 25. Reb1 Ra7 26. Nd6 Ne6 27. h3 Nd4 28. Qc4 Qd7 29. f3 Ra3 30. Rb7 Qe6 31. Re7 Qxc4 32. Nxc4 Rc3 33. Nxe5 Bxe5 34. Rxe5 Ne6 35. Bf6 Rc2 36. Rb7 Ra8 37. Rxe6 fxe6 38. Rg7+ Kf8 39. Rh7 Raa2 40. Rxh6 Rxg2+ 41. Kh1 Rh2+ 42. Kg1 Rhc2 0-1

[Event "GBR-ch 111th"]
[Site "Liverpool"]
[Date "2025.08.10"]
[Round "9.26"]
[White "Pert, Max P"]
[Black "Malinovskii, Ilia"]
[Result "1-0"]
[WhiteElo "2263"]
[BlackElo "2075"]
[PlyCount "53"]
[EventDate "2025.08.02"]
[EventType "swiss"]
[EventRounds "9"]
[EventCountry "GBR"]
[SourceTitle "BritBase"]
[Source "John Saunders"]
[SourceDate "2025.08.11"]
[SourceVersion "1"]
[SourceVersionDate "2025.08.11"]
[SourceQuality "1"]

1. e4 c5 2. Nf3 Nc6 3. Bb5 d5 4. Nc3 dxe4 5. Nxe4 Nf6 6. Nxc5 e5 7. Nb3 Bd6 8. d3 h6 9. O-O O-O 10. h3 Ne7 11. a4 Ng6 12. Re1 a6 13. Bc4 b6 14. Nbd2 Bb7 15. Ne4 Bc7 16. Nxf6+ Qxf6 17. Nd2 Nf4 18. Ne4 Qg6 19. Bxf4 exf4 20. Qg4 Qc6 21. Bd5 h5 22. Bxc6 hxg4 23. Bxb7 Ra7 24. Bd5 gxh3 25. gxh3 Kh7 26. Bxf7 Bd8 27. Be6 1-0

[Event "GBR-ch 111th"]
[Site "Liverpool"]
[Date "2025.08.10"]
[Round "9.27"]
[White "Stoica, Savas Marin"]
[Black "Dishman, Stephen"]
[Result "1-0"]
[WhiteElo "2092"]
[BlackElo "2254"]
[PlyCount "59"]
[EventDate "2025.08.02"]
[EventType "swiss"]
[EventRounds "9"]
[EventCountry "GBR"]
[SourceTitle "BritBase"]
[Source "John Saunders"]
[SourceDate "2025.08.11"]
[SourceVersion "1"]
[SourceVersionDate "2025.08.11"]
[SourceQuality "1"]

1. d4 d5 2. c4 c6 3. Nf3 Nf6 4. g3 Bg4 5. Ne5 Bf5 6. Qb3 Qb6 7. cxd5 Qxb3 8. axb3 Nxd5 9. Bg2 Nb4 10. O-O f6 11. Nc4 N8a6 12. Bd2 e6 13. Bxb4 Nxb4 14. Nb6 Rb8 15. Rxa7 e5 16. dxe5 Bc5 17. Ra4 fxe5 18. Rc1 Rd8 19. Rxc5 Rd1+ 20. Bf1 O-O 21. Rxb4 Rxb1 22. g4 Bg6 23. Nc4 Rf4 24. h3 b5 25. e3 Rxc4 26. bxc4 Bd3 27. cxb5 cxb5 28. Rxe5 Bxf1 29. Kh2 Be2 30. Rexb5 1-0

[Event "GBR-ch 111th"]
[Site "Liverpool"]
[Date "2025.08.10"]
[Round "9.29"]
[White "Ledger, Andrew J"]
[Black "Price, Gwilym T"]
[Result "1-0"]
[WhiteElo "2323"]
[BlackElo "2186"]
[PlyCount "81"]
[EventDate "2025.08.02"]
[EventType "swiss"]
[EventRounds "9"]
[EventCountry "GBR"]
[SourceTitle "BritBase"]
[Source "John Saunders"]
[SourceDate "2025.08.11"]
[SourceVersion "1"]
[SourceVersionDate "2025.08.11"]
[SourceQuality "1"]

1. d4 Nf6 2. c4 c6 3. Nc3 d5 4. e3 a6 5. b3 Bf5 6. Nf3 h6 7. Bd3 Bxd3 8. Qxd3 e6 9. O-O Be7 10. Bb2 O-O 11. e4 dxe4 12. Nxe4 Nxe4 13. Qxe4 Nd7 14. Rad1 Nf6 15. Qc2 Qc7 16. Rd3 Rfd8 17. Rfd1 Nd7 18. h3 Bf6 19. a4 Rac8 20. Nd2 c5 21. Ne4 Bxd4 22. Bxd4 cxd4 23. Rxd4 Ne5 24. Nd6 Nc6 25. R4d2 Rb8 26. Qc3 a5 27. Qe3 Rd7 28. Nb5 Rxd2 29. Rxd2 Qe7 30. c5 Rc8 31. Nd6 Rd8 32. Qe2 Qc7 33. Qb5 Rd7 34. Ne8 Qd8 35. Rxd7 Qxd7 36. Nd6 Kf8 37. Nxb7 Qd1+ 38. Kh2 Qd5 39. Nxa5 Qe5+ 40. g3 Nd4 41. Nc6 1-0

[Event "GBR-ch 111th"]
[Site "Liverpool"]
[Date "2025.08.10"]
[Round "9.30"]
[White "Richardson, John R"]
[Black "Ledger, Dave J"]
[Result "1-0"]
[WhiteElo "2246"]
[BlackElo "2161"]
[PlyCount "57"]
[EventDate "2025.08.02"]
[EventType "swiss"]
[EventRounds "9"]
[EventCountry "GBR"]
[SourceTitle "BritBase"]
[Source "John Saunders"]
[SourceDate "2025.08.11"]
[SourceVersion "1"]
[SourceVersionDate "2025.08.11"]
[SourceQuality "1"]

1. e4 e5 2. Nf3 Nc6 3. Bb5 Nge7 4. O-O g6 5. c3 a6 6. Ba4 Bg7 7. d4 exd4 8. cxd4 O-O 9. Nc3 d6 10. h3 b5 11. Bc2 Na5 12. Re1 c5 13. b3 Nec6 14. Bg5 f6 15. Be3 cxd4 16. Nxd4 Nxd4 17. Bxd4 Nc6 18. Be3 Nb4 19. Rc1 f5 20. Bd4 Nxc2 21. Rxc2 fxe4 22. Bxg7 Kxg7 23. Nxe4 Bf5 24. Qd4+ Kg8 25. Rc6 Qa5 26. b4 Qxa2 27. Nf6+ Rxf6 28. Qxf6 Rf8 29. Qd4 1-0

[Event "GBR-ch 111th"]
[Site "Liverpool"]
[Date "2025.08.10"]
[Round "9.31"]
[White "Yoon, Jacob D"]
[Black "Bradbury, Neil H"]
[Result "1-0"]
[WhiteElo "2203"]
[BlackElo "2137"]
[PlyCount "72"]
[EventDate "2025.08.02"]
[EventType "swiss"]
[EventRounds "9"]
[EventCountry "GBR"]
[SourceTitle "BritBase"]
[Source "John Saunders"]
[SourceDate "2025.08.11"]
[SourceVersion "1"]
[SourceVersionDate "2025.08.11"]
[SourceQuality "1"]

1. e4 c5 2. Nf3 e6 3. d4 cxd4 4. Nxd4 Nc6 5. Nc3 Qc7 6. Be3 a6 7. Qf3 Nf6 8. O-O-O Bb4 9. Nxc6 bxc6 10. Bd4 Bd6 11. g4 Rb8 12. g5 Bf4+ 13. Kb1 Bxg5 14. e5 c5 15. exf6 cxd4 16. Ne4 Bb7 17. fxg7 Rg8 18. Rg1 Bxe4 19. Qxe4 Bf6 20. Bd3 Rxg7 21. Rxg7 Bxg7 22. Qxh7 Qc3 23. b3 Bf8 24. Qh8 a5 25. Bh7 Qh3 26. Qxd4 d5 27. Qa4+ Ke7 28. Qxa5 Qxh2 29. Qa7+ Kf6 30. Bd3 Bd6 31. f4 Qh8 32. f5 Ra8 33. Qf2 e5 34. Qb6 Qd8 35. Qc6 Qc7 36. Qxa8 Bf8 1-0

[Event "GBR-ch 111th"]
[Site "Liverpool"]
[Date "2025.08.10"]
[Round "9.32"]
[White "Jackson, Edward"]
[Black "Vaidyanathan, Adithya"]
[Result "1/2-1/2"]
[WhiteElo "2194"]
[BlackElo "2115"]
[PlyCount "85"]
[EventDate "2025.08.02"]
[EventType "swiss"]
[EventRounds "9"]
[EventCountry "GBR"]
[SourceTitle "BritBase"]
[Source "John Saunders"]
[SourceDate "2025.08.11"]
[SourceVersion "1"]
[SourceVersionDate "2025.08.11"]
[SourceQuality "1"]

1. d4 d5 2. c4 e6 3. Nf3 c6 4. g3 dxc4 5. Bg2 b5 6. Ne5 Bb7 7. O-O Nf6 8. b3 cxb3 9. axb3 Be7 10. Nc3 Nd5 11. Ne4 Nd7 12. Nd3 Qb6 13. Bb2 O-O 14. Qc1 a5 15. h4 h6 16. Rd1 f5 17. Nec5 Nxc5 18. Nxc5 Bxc5 19. dxc5 Qc7 20. f4 Ra7 21. Be5 Qf7 22. Rd4 Rfa8 23. Kh2 Bc8 24. Bf3 a4 25. b4 a3 26. Ra2 h5 27. Qd2 Bd7 28. e3 Be8 29. Rd3 Ra4 30. Rb3 Qd7 31. Qd4 Bg6 32. Rb1 R8a7 33. Bd1 Rxb4 34. Rxb4 Nxb4 35. Qxb4 Qxd1 36. Rd2 Qa4 37. Rd8+ Kh7 38. Qd2 a2 39. Ba1 Qc4 40. Rc8 Qd5 41. Qxd5 cxd5 42. c6 b4 43. Rb8 1/2-1/2

[Event "GBR-ch 111th"]
[Site "Liverpool"]
[Date "2025.08.10"]
[Round "9.33"]
[White "Murawski, Jan"]
[Black "Verbytski, Oleg"]
[Result "1/2-1/2"]
[WhiteElo "2189"]
[BlackElo "2001"]
[PlyCount "176"]
[EventDate "2025.08.02"]
[EventType "swiss"]
[EventRounds "9"]
[EventCountry "GBR"]
[SourceTitle "BritBase"]
[Source "John Saunders"]
[SourceDate "2025.08.11"]
[SourceVersion "1"]
[SourceVersionDate "2025.08.11"]
[SourceQuality "1"]

1. d4 d5 2. c4 e6 3. Nc3 Nf6 4. Bg5 Be7 5. e3 h6 6. Bh4 O-O 7. Nf3 b6 8. cxd5 Nxd5 9. Bxe7 Qxe7 10. Nxd5 exd5 11. Bd3 c5 12. b3 Be6 13. Rc1 Nd7 14. O-O Nf6 15. h3 Rac8 16. Qe2 Rfd8 17. Rc2 a5 18. a4 Bd7 19. Bb5 Rc7 20. Bxd7 Qxd7 21. Qa6 cxd4 22. Rxc7 Qxc7 23. Nxd4 Qc5 24. Qb7 Rc8 25. Nf5 Rc7 26. Qa6 Kh7 27. Nd4 g6 28. Qd3 Qc3 29. Qe2 Qc5 30. Qf3 Ne4 31. Rd1 Kg7 32. Qf4 Re7 33. Qg4 h5 34. Qe2 Rc7 35. Nb5 Rc8 36. Qf3 Nf6 37. Nd4 Ne4 38. Qf4 Re8 39. h4 Re7 40. g3 Qc7 41. Qf3 Qc5 42. Kg2 Rd7 43. g4 Rd6 44. g5 Qc8 45. Qf4 Rd7 46. f3 Nc5 47. Rd2 Qe8 48. Qf6+ Kg8 49. Re2 Qb8 50. Qf4 Qxf4 51. exf4 Kf8 52. f5 Re7 53. Rd2 Re3 54. f6 Rd3 55. Rxd3 Nxd3 56. Nb5 Nc5 57. Nc7 d4 58. Nd5 Nxb3 59. Nxb6 Nc5 60. Nc4 Nxa4 61. Nxa5 Nc5 62. Nc6 Ne6 63. Kf2 d3 64. Ke3 Nf4 65. Nd4 Ng2+ 66. Kxd3 Nxh4 67. Ke2 Ng2 68. Kf2 Nf4 69. Kg3 Ne6 70. Nxe6+ fxe6 71. Kf4 Kf7 72. Ke4 Kf8 73. Ke5 Kf7 74. f4 Kf8 75. Kxe6 h4 76. f5 h3 77. fxg6 h2 78. g7+ Kg8 79. f7+ Kxg7 80. Ke7 h1=Q 81. f8=Q+ Kh7 82. Qf5+ Kg8 83. Qg6+ Kh8 84. Qf6+ Kg8 85. Qf8+ Kh7 86. Qf5+ Kg8 87. Qc8+ Kg7 88. Qf8+ Kh7 1/2-1/2

[Event "GBR-ch 111th"]
[Site "Liverpool"]
[Date "2025.08.10"]
[Round "9.34"]
[White "Dasgupta, Avyukt"]
[Black "Brewer, Callum D"]
[Result "1-0"]
[WhiteElo "2158"]
[BlackElo "2152"]
[PlyCount "97"]
[EventDate "2025.08.02"]
[EventType "swiss"]
[EventRounds "9"]
[EventCountry "GBR"]
[SourceTitle "BritBase"]
[Source "John Saunders"]
[SourceDate "2025.08.11"]
[SourceVersion "1"]
[SourceVersionDate "2025.08.11"]
[SourceQuality "1"]

1. d4 d5 2. Nf3 Nf6 3. c3 e6 4. Bg5 c5 5. e3 Be7 6. Nbd2 Nbd7 7. Bd3 b6 8. O-O O-O 9. Ne5 Nxe5 10. dxe5 Nd7 11. Bxe7 Qxe7 12. f4 Bb7 13. Rf3 f6 14. Rh3 g6 15. Nf3 Rae8 16. Bb5 a6 17. exf6 Rxf6 18. Bxd7 Qxd7 19. Ne5 Qe7 20. b4 cxb4 21. cxb4 Qxb4 22. Rb1 Qe4 23. Ng4 Rff8 24. Nf2 Qc4 25. Rc1 Qb4 26. Rb1 Qc4 27. Rxb6 Bc6 28. Ng4 Qc5 29. Rxa6 Bb5 30. Qa1 e5 31. Nf6+ Rxf6 32. Rxf6 d4 33. Qb1 d3 34. Qb3+ Qc4 35. Rd6 e4 36. Rg3 Qxb3 37. axb3 Rc8 38. Rg5 Rc1+ 39. Kf2 Bc6 40. b4 Ba4 41. Rc5 Rb1 42. Rc7 Kf8 43. Rd8+ Be8 44. Rcc8 d2 45. Rxe8+ Kf7 46. Red8 d1=Q 47. Rxd1 Rxd1 48. Rc4 Rd2+ 49. Kg3 1-0